[Event "Europa ch 2012 femenino"]
[Site "Gaziantep TUR"]
[Date "2012.03.12"]
[Round "10.36"]
[White "Galojan, Lilit"]
[Black "Mamedjarova, Turkan"]
[Result "1/2-1/2"]
[WhiteElo "2364"]
[BlackElo "2284"]
[PlyCount "178"]
[EventDate "2012.03.02"]
[EventType "swiss"]
[EventRounds "11"]
[EventCountry "TUR"]
[Source "lmi"]
[SourceDate "2012.03.02"]

1. d4 d5 2. c4 e6 3. Nf3 Nf6 4. g3 c6 5. Bg2 Bd6 6. O-O O-O 7. Nbd2 Nbd7 8. Qc2
Qe7 9. b3 Re8 10. Bb2 e5 11. e4 dxe4 12. Nxe4 Nxe4 13. dxe5 Nxe5 14. Qxe4 Nxf3+
15. Qxf3 Qe2 16. Qxe2 Rxe2 17. Bd4 Bg4 18. h3 Bf5 19. Rfe1 Rxe1+ 20. Rxe1 Bb4
21. Ra1 h5 22. a3 Bf8 23. b4 Be6 24. b5 Bxc4 25. bxc6 bxc6 26. Bxc6 Rc8 27. Bf3
a5 28. Bxh5 Bd5 29. a4 Rc4 30. Bb6 Bc6 31. Bxa5 Rxa4 32. Rxa4 Bxa4 33. Bf3 Bc5
34. Bd5 Bd4 35. Kg2 g6 36. f4 Bd1 37. Bc7 Kg7 38. g4 f6 39. Kf1 Ba4 40. Ke2
Bb5+ 41. Kf3 Bd3 42. Bd6 Bc3 43. Kg2 Bd4 44. h4 Bc3 45. g5 Bc2 46. Be7 Bb2 47.
Kf2 Bd4+ 48. Ke2 Bb1 49. Kd2 Bb2 50. Bc5 Bf5 51. Bc4 Be4 52. Bb3 Ba1 53. Be6
Bb2 54. Bc4 Kh7 55. Bf8 Bd4 56. Bf7 Bf5 57. Bc4 Bb2 58. Be7 Kg7 59. Bc5 Bb1 60.
Bb3 Ba1 61. Bb6 Bf5 62. Ba5 Bd4 63. Bc4 Bb2 64. Be2 Kf7 65. Bc4+ Kg7 66. Bb3
Bd4 67. Bb4 Be4 68. Bc4 Bb2 69. Ke2 Bb1 70. Bd2 Bc2 71. Be1 Bb1 72. Kd2 Be4 73.
Bb3 Bd4 74. Bc4 Bb2 75. Ba6 Bf5 76. Bb5 Be4 77. Ba4 Bd4 78. Kd1 Kf7 79. Bb3+
Kg7 80. Bd2 Bf3+ 81. Kc1 Be4 82. Ba2 Bd3 83. Bd5 Bf5 84. Kd1 Bd3 85. Bb3 Be4
86. Bb4 Bf3+ 87. Ke1 Be4 88. Ba5 Bd3 89. Kd2 Be4 1/2-1/2

[Event "Europa ch 2012 femenino"]
[Site "Gaziantep TUR"]
[Date "2012.03.12"]
[Round "10.37"]
[White "Guramishvili, Sopiko"]
[Black "Kharmunova, Nadejda"]
[Result "1-0"]
[WhiteElo "2395"]
[BlackElo "2191"]
[PlyCount "113"]
[EventDate "2012.03.02"]
[EventType "swiss"]
[EventRounds "11"]
[EventCountry "TUR"]
[Source "lmi"]
[SourceDate "2012.03.02"]

1. d4 Nf6 2. c4 c5 3. d5 e6 4. Nc3 exd5 5. cxd5 d6 6. Nf3 g6 7. Nd2 Nbd7 8. e4
Bg7 9. Be2 O-O 10. O-O Re8 11. a4 Ne5 12. h3 g5 13. Bb5 Bd7 14. Nf3 Bxb5 15.
axb5 g4 16. Nxe5 Rxe5 17. Bf4 Re8 18. Re1 Qd7 19. Re3 Nh5 20. Bh2 Bd4 21. Rd3
Bxc3 22. bxc3 Rxe4 23. f3 Re7 24. hxg4 Ng7 25. c4 Rae8 26. Bg3 f5 27. Rxa7 fxg4
28. fxg4 Re2 29. Ra8 Qxg4 30. Rxe8+ Nxe8 31. Bf2 Qe4 32. Rg3+ Kf7 33. Kf1 Rxf2+
34. Kxf2 Nf6 35. Qe2 Qd4+ 36. Kf3 Kf8 37. Qc2 Qe5 38. Rh3 h5 39. Qd3 Qe1 40. g3
Kg7 41. Qe2 Qg1 42. Rh4 Kg6 43. Qc2+ Kg7 44. Qf2 Qb1 45. Kg2 Ng4 46. Qe2 Qf5
47. Qe7+ Kh8 48. Qe2 Qg5 49. Kh3 Qf5 50. Qe8+ Kg7 51. Rxh5 Qf1+ 52. Kxg4 Qxc4+
53. Kf5 Qxd5+ 54. Kf4 Qc4+ 55. Qe4 Qf1+ 56. Kg4 Qd1+ 57. Kh4 1-0

[Event "Europa ch 2012 femenino"]
[Site "Gaziantep TUR"]
[Date "2012.03.12"]
[Round "10.39"]
[White "Goryachkina, Aleksandra"]
[Black "Batsiashvili, Nino"]
[Result "1/2-1/2"]
[WhiteElo "2341"]
[BlackElo "2438"]
[PlyCount "173"]
[EventDate "2012.03.02"]
[EventType "swiss"]
[EventRounds "11"]
[EventCountry "TUR"]
[Source "lmi"]
[SourceDate "2012.03.02"]

1. d4 Nf6 2. c4 e6 3. g3 Bb4+ 4. Bd2 Be7 5. Bg2 d5 6. Nf3 c6 7. Qc2 Nbd7 8. O-O
O-O 9. Bf4 a5 10. Nbd2 Nh5 11. Ne1 Nxf4 12. gxf4 b5 13. c5 Qe8 14. Nd3 f6 15.
Nf3 Bd8 16. b3 Bc7 17. Qb2 b4 18. a3 bxa3 19. Rxa3 Ba6 20. Qd2 Qh5 21. b4 Bxd3
22. Rxd3 axb4 23. Qxb4 Rfb8 24. Qd2 Qg4 25. e3 Kh8 26. Kh1 e5 27. fxe5 fxe5 28.
Nxe5 Nxe5 29. dxe5 Bxe5 30. Qd1 Qc4 31. Rd2 Ra1 32. Qe2 Qxe2 33. Rxe2 Rbb1 34.
f4 Bc3 35. Ref2 Bb4 36. Rb2 Rxf1+ 37. Bxf1 Rxf1+ 38. Kg2 Rc1 39. Rxb4 Kg8 40.
Rb7 Rxc5 41. h4 Rc3 42. Kf2 h5 43. Rd7 Rc2+ 44. Kf3 Kf8 45. f5 Rc4 46. Rc7 c5
47. Rd7 d4 48. exd4 cxd4 49. Ke4 d3+ 50. Kxd3 Rxh4 51. Ke3 Rg4 52. Kf3 Kg8 53.
Ra7 Rg1 54. Kf4 Rg4+ 55. Kf3 Rb4 56. Kg3 Rc4 57. Rb7 Rg4+ 58. Kf3 Rg1 59. Kf4
h4 60. Rb3 Rh1 61. Rb7 Rg1 62. Rb3 Kf7 63. Rh3 Kf6 64. Rxh4 Rf1+ 65. Kg3 Kxf5
66. Ra4 Rg1+ 67. Kf2 Rb1 68. Kf3 Rb3+ 69. Kf2 g5 70. Kg2 Rc3 71. Rb4 Kg6 72.
Ra4 Kh5 73. Rb4 Rc2+ 74. Kg3 Rc1 75. Rb3 Rg1+ 76. Kf2 Rg4 77. Ra3 Kh4 78. Rb3
Ra4 79. Kg2 g4 80. Rc3 Ra2+ 81. Kg1 Re2 82. Ra3 Kg5 83. Rb3 Kf4 84. Ra3 g3 85.
Ra8 Re1+ 86. Kg2 Re2+ 87. Kg1 1/2-1/2

[Event "Europa ch 2012 femenino"]
[Site "Gaziantep TUR"]
[Date "2012.03.12"]
[Round "10.41"]
[White "Charochkina, Daria"]
[Black "Borosova, Zuzana"]
[Result "1/2-1/2"]
[WhiteElo "2371"]
[BlackElo "2302"]
[PlyCount "59"]
[EventDate "2012.03.02"]
[EventType "swiss"]
[EventRounds "11"]
[EventCountry "TUR"]
[Source "lmi"]
[SourceDate "2012.03.02"]

1. c4 c5 2. Nc3 Nc6 3. g3 g6 4. Bg2 Bg7 5. e3 e5 6. Nge2 Nge7 7. O-O d6 8. Nd5
Nxd5 9. cxd5 Ne7 10. b4 b6 11. d4 exd4 12. exd4 Nf5 13. bxc5 bxc5 14. Rb1 cxd4
15. g4 Nh4 16. Nxd4 Nxg2 17. Nc6 Qd7 18. Qe2+ Kf8 19. Kxg2 Ba6 20. Nb8 Bxe2 21.
Nxd7+ Kg8 22. Re1 Bc4 23. Bg5 Bxd5+ 24. Kg1 Be6 25. Rb7 h6 26. Nf6+ Kf8 27.
Nd7+ Kg8 28. Nf6+ Kf8 29. Nd7+ Kg8 30. Nf6+ 1/2-1/2

[Event "Europa ch 2012 femenino"]
[Site "Gaziantep TUR"]
[Date "2012.03.12"]
[Round "10.46"]
[White "Paikidze, Nazi"]
[Black "Mikadze, Miranda"]
[Result "0-1"]
[WhiteElo "2406"]
[BlackElo "2329"]
[PlyCount "94"]
[EventDate "2012.03.02"]
[EventType "swiss"]
[EventRounds "11"]
[EventCountry "TUR"]
[Source "lmi"]
[SourceDate "2012.03.02"]

1. e4 c6 2. d4 d5 3. e5 c5 4. dxc5 Nc6 5. Bb5 e6 6. Be3 Bd7 7. Bxc6 Bxc6 8. Nf3
Ne7 9. c3 Nf5 10. Bd4 a5 11. O-O Nxd4 12. Qxd4 a4 13. Nbd2 Qa5 14. b4 axb3 15.
Nxb3 Qa3 16. Qg4 g6 17. h4 Bxc5 18. h5 Be7 19. Nfd4 Bd7 20. g3 Bf8 21. Kg2 Bg7
22. Rh1 Bxe5 23. Rae1 Bf6 24. Qf3 Qe7 25. Nc5 Bc8 26. Nb5 O-O 27. Nc7 Bg7 28.
h6 Bh8 29. Nxd5 Qg5 30. Nb6 Qxc5 31. Nxa8 Bd7 32. Qd3 Bc6+ 33. f3 Rxa8 34. Rd1
Bxc3 35. Qd8+ Rxd8 36. Rxd8+ Qf8 37. Rxf8+ Kxf8 38. Rd1 Ke7 39. Rd3 Bf6 40. Rd1
Bg5 41. Kf2 b5 42. Ke2 Bd5 43. a3 Bc4+ 44. Kf2 Bxh6 45. Rd4 Bg7 46. Rh4 Bb2 47.
a4 g5 0-1

[Event "Europa ch 2012 femenino"]
[Site "Gaziantep TUR"]
[Date "2012.03.12"]
[Round "10.47"]
[White "Bulmaga, Irina"]
[Black "Kashlinskaya, Alina"]
[Result "1-0"]
[WhiteElo "2307"]
[BlackElo "2377"]
[PlyCount "89"]
[EventDate "2012.03.02"]
[EventType "swiss"]
[EventRounds "11"]
[EventCountry "TUR"]
[Source "lmi"]
[SourceDate "2012.03.02"]

1. e4 e5 2. Nf3 Nc6 3. d4 exd4 4. Bc4 Nf6 5. e5 d5 6. Bb5 Ne4 7. Nxd4 Bd7 8.
Bxc6 bxc6 9. O-O Bc5 10. f3 Ng5 11. Be3 O-O 12. f4 Ne4 13. Nd2 f5 14. Nxe4 fxe4
15. Qd2 Qe7 16. Nb3 Bb6 17. Qc3 Rf5 18. Nc5 Rh5 19. a4 Qh4 20. Nxd7 Qxh2+ 21.
Kf2 Qxf4+ 22. Ke1 Qg3+ 23. Kd2 Qxg2+ 24. Rf2 Bxe3+ 25. Qxe3 Qg4 26. Qxa7 Rd8
27. Raf1 Qxd7 28. Rf7 Qe6 29. Qxc7 Re8 30. Rxg7+ Kh8 31. Rff7 Qh6+ 32. Kc3 Rh3+
33. Kb4 Qd2+ 34. Kc5 Qxc2+ 35. Kd6 Qh2 36. Re7 Rh6+ 37. Kd7 Rf8 38. Qa7 Qxb2
39. e6 Qe5 40. Rgf7 Rxf7 41. exf7 Qf5+ 42. Kd8 Rd6+ 43. Kc7 Rf6 44. Qb8+ Kg7
45. f8=Q+ 1-0

[Event "Europa ch 2012 femenino"]
[Site "Gaziantep TUR"]
[Date "2012.03.12"]
[Round "10.48"]
[White "Michna, Marta"]
[Black "Ivakhinova, Inna"]
[Result "0-1"]
[WhiteElo "2383"]
[BlackElo "2285"]
[PlyCount "74"]
[EventDate "2012.03.02"]
[EventType "swiss"]
[EventRounds "11"]
[EventCountry "TUR"]
[Source "lmi"]
[SourceDate "2012.03.02"]

1. b3 d5 2. Bb2 Nf6 3. f4 c5 4. e3 Nc6 5. Bb5 Qb6 6. Qe2 Bf5 7. Na3 a6 8. Bxc6+
Qxc6 9. Nf3 b5 10. d3 g6 11. Ne5 Qe6 12. g4 Nxg4 13. e4 dxe4 14. dxe4 Nxe5 15.
exf5 Nf3+ 16. Kf2 Qxe2+ 17. Kxe2 Nd4+ 18. Kf2 Bg7 19. fxg6 hxg6 20. Rad1 Rh4
21. c4 b4 22. Nc2 Nxc2 23. Bxg7 f6 24. Rd5 Rc8 25. Kg3 Rh7 26. Bxf6 exf6 27.
Rd6 Ke7 28. Rxa6 Rc7 29. Rd1 Nd4 30. Re1+ Kf7 31. Ra8 Rxh2 32. Ree8 Rh7 33. Rg8
Ne6 34. Rgb8 Rh1 35. Rb6 Rg1+ 36. Kh2 Rg4 37. Raa6 Re7 0-1

[Event "Europa ch 2012 femenino"]
[Site "Gaziantep TUR"]
[Date "2012.03.12"]
[Round "10.49"]
[White "Mkrtchian, Lilit"]
[Black "Schleining, Zoya"]
[Result "1-0"]
[WhiteElo "2458"]
[BlackElo "2326"]
[PlyCount "73"]
[EventDate "2012.03.02"]
[EventType "swiss"]
[EventRounds "11"]
[EventCountry "TUR"]
[Source "lmi"]
[SourceDate "2012.03.02"]

1. d4 Nf6 2. c4 g6 3. Nc3 d5 4. Nf3 Bg7 5. Qb3 dxc4 6. Qxc4 O-O 7. e4 Nfd7 8.
Be3 Nb6 9. Qb3 Bg4 10. Rd1 a5 11. a3 a4 12. Qc2 Bxf3 13. gxf3 Nc6 14. Nb5 e6
15. h4 Rc8 16. h5 Qd7 17. hxg6 hxg6 18. Qc1 f5 19. Bh6 Qf7 20. Bxg7 Qxg7 21.
Qg5 Ne7 22. Bd3 Rfd8 23. Bb1 c6 24. Nc3 Kf7 25. Ba2 Rh8 26. Rg1 Qf6 27. Qg3 Rh4
28. Qd6 g5 29. Rd2 Rch8 30. Re2 Nbc8 31. Qd7 Rh1 32. Rxh1 Rxh1+ 33. Kd2 g4 34.
exf5 Qg5+ 35. Re3 Rh2 36. Qxe6+ Kg7 37. Qe5+ 1-0

[Event "Europa ch 2012 femenino"]
[Site "Gaziantep TUR"]
[Date "2012.03.12"]
[Round "10.50"]
[White "Arabidze, Meri"]
[Black "Mamedjarova, Zeinab"]
[Result "1-0"]
[WhiteElo "2337"]
[BlackElo "2321"]
[PlyCount "79"]
[EventDate "2012.03.02"]
[EventType "swiss"]
[EventRounds "11"]
[EventCountry "TUR"]
[Source "lmi"]
[SourceDate "2012.03.02"]

1. d4 d5 2. c4 e6 3. Nc3 c6 4. e3 f5 5. g4 Nf6 6. gxf5 exf5 7. Qb3 dxc4 8. Bxc4
Qe7 9. a4 Ne4 10. Nf3 Nd6 11. Bd3 Be6 12. Qc2 Nd7 13. Rg1 g6 14. b3 a5 15. Ba3
Qd8 16. Rb1 Nf7 17. Bxf8 Rxf8 18. Bc4 Qe7 19. Ne2 Bd5 20. Bxd5 cxd5 21. Nf4 Qd6
22. h4 Nh6 23. Ng5 Ke7 24. Nxh7 Rg8 25. f3 Ra6 26. Qd2 Nf8 27. Nxf8 Kxf8 28.
Rc1 Rc6 29. Rxc6 Qxc6 30. Qxa5 Qc1+ 31. Kf2 Qc2+ 32. Ne2 Qxb3 33. Qd8+ Kg7 34.
Qe7+ Kh8 35. Qf6+ Kh7 36. h5 gxh5 37. Rxg8 Nxg8 38. Qf7+ Kh8 39. Nf4 Qc2+ 40.
Kg3 1-0

[Event "Europa ch 2012 femenino"]
[Site "Gaziantep TUR"]
[Date "2012.03.13"]
[Round "11.2"]
[White "Dzagnidze, Nana"]
[Black "Kosintseva, Tatiana"]
[Result "0-1"]
[WhiteElo "2559"]
[BlackElo "2513"]
[PlyCount "106"]
[EventDate "2012.03.02"]
[EventType "swiss"]
[EventRounds "11"]
[EventCountry "TUR"]
[Source "lmi"]
[SourceDate "2012.03.02"]

1. d4 Nf6 2. c4 e6 3. Nc3 Bb4 4. e3 O-O 5. Nge2 Re8 6. a3 Bf8 7. d5 d6 8. Ng3
g6 9. Be2 h5 10. O-O exd5 11. cxd5 h4 12. Nh1 c6 13. f3 Nxd5 14. Nxd5 cxd5 15.
Qxd5 Nc6 16. Nf2 Be6 17. Qd1 Bg7 18. Bd2 d5 19. Bc3 d4 20. exd4 Nxd4 21. Bd3
Qb6 22. Qa4 h3 23. Rae1 hxg2 24. Kxg2 Qd8 25. Be4 Bd7 26. Qb4 Bb5 27. Bd3 Rxe1
28. Rxe1 Qg5+ 29. Kh1 Bc6 30. Ne4 Qf4 31. Rf1 Be5 32. Rf2 Rd8 33. Qe7 Re8 34.
Qg5 Qxg5 35. Nxg5 Nxf3 36. Nxf3 Bxc3 37. bxc3 Re3 38. Rd2 Rxf3 39. Kg1 Kg7 40.
Rd1 f5 41. c4 Kf6 42. c5 g5 43. Rd2 g4 44. Rd1 Kg5 45. Rd2 Rh3 46. a4 Bxa4 47.
Bf1 Rc3 48. Ra2 Bc6 49. Bg2 Rxc5 50. Bxc6 bxc6 51. Rxa7 Rc1+ 52. Kf2 Rc2+ 53.
Kg1 c5 0-1

[Event "Europa ch 2012 femenino"]
[Site "Gaziantep TUR"]
[Date "2012.03.13"]
[Round "11.8"]
[White "Gaponenko, Inna"]
[Black "Pogonina, Natalija"]
[Result "0-1"]
[WhiteElo "2416"]
[BlackElo "2449"]
[PlyCount "198"]
[EventDate "2012.03.02"]
[EventType "swiss"]
[EventRounds "11"]
[EventCountry "TUR"]
[Source "lmi"]
[SourceDate "2012.03.02"]

1. e4 e5 2. Nf3 Nc6 3. Bb5 a6 4. Bxc6 dxc6 5. O-O Qf6 6. d4 exd4 7. Bg5 Qd6 8.
Nxd4 Bd7 9. Nc3 Ne7 10. Be3 c5 11. Nb3 Qxd1 12. Rfxd1 b6 13. a4 a5 14. Nd2
O-O-O 15. Nc4 Be6 16. Rxd8+ Kxd8 17. Rd1+ Kc8 18. b3 Bxc4 19. bxc4 Nc6 20. Nb5
Be7 21. Bf4 Bd8 22. f3 h5 23. h3 g5 24. Bh2 g4 25. hxg4 hxg4 26. Bg3 f5 27.
exf5 gxf3 28. gxf3 Rf8 29. Kg2 Rxf5 30. Rh1 Rf7 31. Rh8 Kb7 32. Rg8 Bf6 33. Rg6
Be5 34. f4 Bxf4 35. Bxf4 Rxf4 36. Rg7 Ne5 37. Nxc7 Rxc4 38. Nd5+ Kc6 39. Ne7+
Kd7 40. Nd5+ Kd6 41. Nxb6 Rxc2+ 42. Kg3 c4 43. Kf4 Re2 44. Rg5 Ke6 45. Rg3 Kd6
46. Rg5 c3 47. Rxe5 c2 48. Nc4+ Kd7 49. Rxe2 c1=Q+ 50. Ne3 Qa1 51. Rd2+ Ke6 52.
Ke4 Qxa4+ 53. Rd4 Qb3 54. Rd3 Qb4+ 55. Rd4 Qb1+ 56. Rd3 Qb5 57. Kd4 Qe5+ 58.
Kc4 Qe4+ 59. Kc3 Qb4+ 60. Kc2 a4 61. Nd5 Qc4+ 62. Nc3 Qb3+ 63. Kd2 a3 64. Re3+
Kf5 65. Rd3 a2 66. Nxa2 Qxa2+ 67. Ke3 Qc4 68. Rd4 Qc5 69. Kd3 Ke5 70. Re4+ Kd5
71. Rf4 Qa3+ 72. Ke2 Ke5 73. Rg4 Qb2+ 74. Kd3 Qb3+ 75. Ke2 Qc2+ 76. Ke3 Qc3+
77. Kf2 Qd2+ 78. Kf3 Kf5 79. Rg3 Qf4+ 80. Kg2 Ke4 81. Rb3 Qd2+ 82. Kg3 Qe1+ 83.
Kg2 Kf4 84. Rf3+ Kg4 85. Rf2 Qe3 86. Kf1 Qe4 87. Rf8 Qc4+ 88. Kg2 Qd5+ 89. Kf1
Kg3 90. Ke2 Qe6+ 91. Kf1 Qa6+ 92. Ke1 Qa1+ 93. Ke2 Qb2+ 94. Kd1 Qb1+ 95. Ke2
Qb5+ 96. Kd1 Qd7+ 97. Kc2 Qc6+ 98. Kb1 Qb5+ 99. Ka2 Qa4+ 0-1

[Event "Europa ch 2012 femenino"]
[Site "Gaziantep TUR"]
[Date "2012.03.13"]
[Round "11.10"]
[White "Paehtz, Elisabeth"]
[Black "Guramishvili, Sopiko"]
[Result "1/2-1/2"]
[WhiteElo "2459"]
[BlackElo "2395"]
[PlyCount "95"]
[EventDate "2012.03.02"]
[EventType "swiss"]
[EventRounds "11"]
[EventCountry "TUR"]
[Source "lmi"]
[SourceDate "2012.03.02"]

1. d4 d5 2. c4 c6 3. Nf3 Nf6 4. e3 Bg4 5. h3 Bxf3 6. Qxf3 e6 7. Nd2 Nbd7 8. Bd3
Bd6 9. O-O O-O 10. e4 e5 11. cxd5 exd4 12. dxc6 Ne5 13. Qe2 bxc6 14. f4 Nxd3
15. Qxd3 Bc7 16. Nc4 Bb6 17. Bd2 Re8 18. Rfe1 Nd7 19. b4 Bc7 20. Rac1 Nf8 21.
Rcd1 Qh4 22. e5 Rad8 23. Re4 f5 24. Rxd4 Rxd4 25. Qxd4 Rxe5 26. Bc3 Re7 27. Qf2
Qxf4 28. Qxf4 Bxf4 29. Kf2 Bc7 30. Kf3 Ne6 31. Be5 g6 32. Bf6 Rf7 33. Bh4 g5
34. Bf2 g4+ 35. Ke2 a6 36. Kf1 g3 37. Re1 Rf6 38. Ba7 f4 39. Nd2 Kf7 40. Nf3
Rf5 41. Rc1 Nd8 42. Ke2 a5 43. a3 axb4 44. axb4 Rb5 45. Rc4 Ne6 46. Kd3 Ke7 47.
Rxc6 Bd6 48. Ke4 1/2-1/2

[Event "Europa ch 2012 femenino"]
[Site "Gaziantep TUR"]
[Date "2012.03.13"]
[Round "11.11"]
[White "Mkrtchian, Lilit"]
[Black "Kovanova, Baira"]
[Result "0-1"]
[WhiteElo "2458"]
[BlackElo "2392"]
[PlyCount "66"]
[EventDate "2012.03.02"]
[EventType "swiss"]
[EventRounds "11"]
[EventCountry "TUR"]
[Source "lmi"]
[SourceDate "2012.03.02"]

1. Nf3 Nf6 2. c4 e6 3. g3 b6 4. Bg2 Bb7 5. O-O Be7 6. d4 O-O 7. Re1 c5 8. d5
exd5 9. Nh4 Ne4 10. cxd5 Nd6 11. e4 Bxh4 12. gxh4 Qxh4 13. e5 Nf5 14. Re4 Qe7
15. Qg4 g6 16. Bg5 f6 17. exf6 Qf7 18. Nc3 Na6 19. Re7 Nxe7 20. fxe7 Qxf2+ 21.
Kh1 Rf5 22. Ne4 Qxb2 23. Rd1 Qe5 24. Nf6+ Kg7 25. Nxd7 Qd6 26. Nf6 Rxf6 27.
Bxf6+ Kxf6 28. Re1 Nc7 29. Qf3+ Kg7 30. Qc3+ Kg8 31. Kg1 Re8 32. Qc4 b5 33. Qh4
Bxd5 0-1

[Event "Europa ch 2012 femenino"]
[Site "Gaziantep TUR"]
[Date "2012.03.13"]
[Round "11.15"]
[White "Mamedjarova, Zeinab"]
[Black "Kazimova, Narmin"]
[Result "1-0"]
[WhiteElo "2321"]
[BlackElo "2253"]
[PlyCount "75"]
[EventDate "2012.03.02"]
[EventType "swiss"]
[EventRounds "11"]
[EventCountry "TUR"]
[Source "lmi"]
[SourceDate "2012.03.02"]

1. d4 Nf6 2. Nf3 e6 3. e3 c5 4. Bd3 b6 5. O-O Bb7 6. Nbd2 Nc6 7. c3 d5 8. Ne5
Nxe5 9. dxe5 Nd7 10. f4 Qc7 11. Qe2 Be7 12. b3 g6 13. Bb2 O-O-O 14. a4 a5 15.
Bb5 f6 16. b4 fxe5 17. bxa5 bxa5 18. Rab1 c4 19. Nf3 e4 20. Nd4 Nf8 21. Ra1 h5
22. Ba3 Bxa3 23. Rxa3 Rh7 24. Ra2 Qd6 25. Rb2 Rc7 26. Rfb1 Qc5 27. Qe1 Qe7 28.
Qg3 Qc5 29. Qg5 Rd6 30. Qf6 Rb6 31. Bd7+ Nxd7 32. Qh8+ Qf8 33. Qxf8+ Nxf8 34.
Rxb6 Nd7 35. Rxe6 Nc5 36. Rxg6 Nxa4 37. Rg8+ Kd7 38. Nb5 1-0

[Event "Europa ch 2012 femenino"]
[Site "Gaziantep TUR"]
[Date "2012.03.13"]
[Round "11.16"]
[White "Chelushkina, Irina"]
[Black "Michna, Marta"]
[Result "1-0"]
[WhiteElo "2263"]
[BlackElo "2383"]
[PlyCount "75"]
[EventDate "2012.03.02"]
[EventType "swiss"]
[EventRounds "11"]
[EventCountry "TUR"]
[Source "lmi"]
[SourceDate "2012.03.02"]

1. g3 g6 2. Bg2 Bg7 3. d4 d6 4. Nc3 Nf6 5. e4 O-O 6. Nge2 e5 7. h3 c6 8. a4 a5
9. Be3 Nbd7 10. O-O Qc7 11. f4 Nh5 12. dxe5 dxe5 13. f5 Nb6 14. b3 Rd8 15. Qe1
gxf5 16. Qf2 Ra6 17. exf5 Nd5 18. Bg5 f6 19. Bh4 Bh6 20. Rfd1 Ne3 21. Rxd8+
Qxd8 22. Qf3 Ng7 23. g4 c5 24. Nd5 Nxc2 25. Qd3 Nd4 26. Nec3 Kh8 27. Rf1 Ne8
28. Qc4 Bg7 29. Qxc5 Rc6 30. Qa3 b6 31. Nb5 Nxb5 32. axb5 Rc2 33. Bf2 Bb7 34.
Rd1 Nd6 35. Ne3 Rxf2 36. Qxd6 Rxg2+ 37. Nxg2 Qg8 38. Qxb6 1-0

[Event "Europa ch 2012 femenino"]
[Site "Gaziantep TUR"]
[Date "2012.03.13"]
[Round "11.18"]
[White "Umudova, Nargiz"]
[Black "Molchanova, Tatjana"]
[Result "1-0"]
[WhiteElo "2220"]
[BlackElo "2346"]
[PlyCount "57"]
[EventDate "2012.03.02"]
[EventType "swiss"]
[EventRounds "11"]
[EventCountry "TUR"]
[Source "lmi"]
[SourceDate "2012.03.02"]

1. e4 c6 2. d4 d5 3. Nc3 dxe4 4. Nxe4 Bf5 5. Ng3 Bg6 6. h4 h6 7. Nf3 Nd7 8. h5
Bh7 9. Bd3 Bxd3 10. Qxd3 e6 11. Bd2 Ngf6 12. O-O-O Be7 13. Qe2 O-O 14. Nf1 Nb6
15. Kb1 Qd5 16. Ne3 Qe4 17. Rh4 Qh7 18. Ne5 Rad8 19. N3g4 Qf5 20. Nxh6+ gxh6
21. Bxh6 Kh7 22. Rf4 Qxh5 23. Qxh5 Nxh5 24. Bxf8 Rxf8 25. Rh1 Kh6 26. Nxf7+ Kg7
27. Rxh5 Rxf7 28. Rh7+ Kxh7 29. Rxf7+ 1-0

[Event "Europa ch 2012 femenino"]
[Site "Gaziantep TUR"]
[Date "2012.03.13"]
[Round "11.22"]
[White "Arig, Busra"]
[Black "Hairapetian, Anna"]
[Result "0-1"]
[WhiteElo "1839"]
[BlackElo "2227"]
[PlyCount "78"]
[EventDate "2012.03.02"]
[EventType "swiss"]
[EventRounds "11"]
[EventCountry "TUR"]
[Source "lmi"]
[SourceDate "2012.03.02"]

1. d4 Nf6 2. Nf3 g6 3. Bg5 Bg7 4. Nbd2 d5 5. e3 O-O 6. Bd3 b6 7. c3 Bb7 8. Qc2
c5 9. O-O Nbd7 10. Bxf6 Nxf6 11. Ne5 Rc8 12. f4 Qd6 13. f5 Nd7 14. fxg6 hxg6
15. Nxd7 Qxd7 16. Nf3 c4 17. Be2 Qe6 18. Qd2 Bf6 19. Rae1 Kg7 20. Bd1 Rh8 21.
Qf2 Rh5 22. Ne5 Rf5 23. Qg3 Bxe5 24. dxe5 Rxe5 25. Bg4 f5 26. Bh5 Re4 27. Rf4
Rh8 28. Bd1 Re5 29. Bc2 Qf6 30. Ref1 Bc8 31. e4 dxe4 32. Bxe4 Qd6 33. Bb1 Qc5+
34. Kh1 Re3 35. R4f3 Rxf3 36. Qxf3 Qe5 37. h3 Rd8 38. g4 Rd2 39. Rf2 Bb7 0-1

[Event "Europa ch 2012 femenino"]
[Site "Gaziantep TUR"]
[Date "2012.03.13"]
[Round "11.23"]
[White "Patel, Yesim"]
[Black "Isgandarova, Khayala"]
[Result "1/2-1/2"]
[WhiteElo "1839"]
[BlackElo "2203"]
[PlyCount "106"]
[EventDate "2012.03.02"]
[EventType "swiss"]
[EventRounds "11"]
[EventCountry "TUR"]
[Source "lmi"]
[SourceDate "2012.03.02"]

1. e4 e6 2. d4 d5 3. Nd2 Nf6 4. e5 Nfd7 5. Bd3 c5 6. c3 Nc6 7. Ne2 cxd4 8. cxd4
f6 9. Nf4 Nxd4 10. Qh5+ Ke7 11. exf6+ Nxf6 12. Ng6+ hxg6 13. Qxh8 Kf7 14. Qh4
e5 15. Nf3 Nxf3+ 16. gxf3 Be6 17. Bg5 Qa5+ 18. Kf1 Be7 19. Rg1 e4 20. fxe4 dxe4
21. Bxf6 Bxf6 22. Qxe4 Bh3+ 23. Rg2 Qc7 24. Qd5+ Kf8 25. Bxg6 Rd8 26. Re1 Bxg2+
27. Qxg2 Qc4+ 28. Kg1 Qb4 29. Qe4 Qxe4 30. Rxe4 Bxb2 31. Rb4 Rd6 32. Be4 Rd1+
33. Kg2 Rd2 34. Rxb7 Bd4 35. Bd5 Rxf2+ 36. Kg3 Rd2 37. Bb3 Be5+ 38. Kg4 a5 39.
Kf5 Bf6 40. h3 Rf2+ 41. Kg4 Rb2 42. Ra7 Bc3 43. Kf5 Rf2+ 44. Kg4 Re2 45. Kf3
Rh2 46. Kg4 Rg2+ 47. Kf3 Rg1 48. Ke4 Rg3 49. Be6 Rg2 50. a4 Rd2 51. Rd7 Rb2 52.
Kd3 Bf6 53. Ra7 Rb6 1/2-1/2

[Event "Europa ch 2012 femenino"]
[Site "Gaziantep TUR"]
[Date "2012.03.13"]
[Round "11.24"]
[White "Bezgodova, Maria"]
[Black "Kineva, Ekaterina"]
[Result "1/2-1/2"]
[WhiteElo "2200"]
[BlackElo "2126"]
[PlyCount "95"]
[EventDate "2012.03.02"]
[EventType "swiss"]
[EventRounds "11"]
[EventCountry "TUR"]
[Source "lmi"]
[SourceDate "2012.03.02"]

1. e4 c5 2. Nf3 Nc6 3. d3 g6 4. Be2 Bg7 5. O-O d6 6. c3 Nf6 7. d4 cxd4 8. cxd4
d5 9. e5 Ne4 10. Be3 O-O 11. Nfd2 f6 12. f4 Qb6 13. Nxe4 dxe4 14. Qd2 fxe5 15.
dxe5 Qd8 16. Bc4+ Kh8 17. Qxd8 Rxd8 18. Nc3 g5 19. g3 gxf4 20. gxf4 Bf5 21.
Rad1 Bh6 22. Bd5 Bh3 23. Rf2 Bf5 24. Rfd2 Rf8 25. Rf1 Rad8 26. Bxe4 Rxd2 27.
Bxd2 Bh3 28. Bg2 Bxg2 29. Kxg2 Nxe5 30. fxe5 Rg8+ 31. Kh3 Bxd2 32. Ne4 Be3 33.
Rd1 Bf4 34. e6 Rg6 35. Rd7 Rxe6 36. Ng3 Bxg3 37. hxg3 Rb6 38. b3 Kg7 39. Rxe7+
Kg6 40. Kh4 h5 41. Re5 Rb4+ 42. Kh3 a6 43. Rd5 Re4 44. Rd6+ Kg5 45. Rb6 Re7 46.
a4 Rd7 47. b4 Rc7 48. a5 1/2-1/2

[Event "Europa ch 2012 femenino"]
[Site "Gaziantep TUR"]
[Date "2012.03.13"]
[Round "11.26"]
[White "Menzi, Nezihe Ezgi"]
[Black "Coimbra, Margarida"]
[Result "1/2-1/2"]
[WhiteElo "1902"]
[BlackElo "2156"]
[PlyCount "81"]
[EventDate "2012.03.02"]
[EventType "swiss"]
[EventRounds "11"]
[EventCountry "TUR"]
[Source "lmi"]
[SourceDate "2012.03.02"]

1. e4 e5 2. Nf3 Nc6 3. Bb5 a6 4. Ba4 Nf6 5. O-O b5 6. Bb3 Bc5 7. c3 d6 8. d4
Bb6 9. h3 Bb7 10. Re1 O-O 11. Be3 exd4 12. cxd4 Na5 13. e5 Nxb3 14. Qxb3 Ne4
15. Nbd2 Nxd2 16. Bxd2 dxe5 17. Bg5 Qd7 18. dxe5 Qf5 19. Bh4 Rfe8 20. Rad1 c5
21. Ng5 c4 22. Qg3 h6 23. Nf3 g5 24. Rd6 Re6 25. Red1 Rae8 26. Nxg5 hxg5 27.
Bxg5 Rg6 28. Rxg6+ Qxg6 29. Kh2 Bxf2 30. Qf4 Qe4 31. Qxf2 Qxe5+ 32. Bf4 Qg7 33.
Rd7 Bc6 34. Rd6 Bb7 35. Rh6 Re6 36. Rh4 Rg6 37. Bg3 Bc6 38. Rd4 Kh7 39. Rh4+
Kg8 40. Rd4 Kh7 41. Rh4+ 1/2-1/2